Feedback control systems (Record no. 615019)

000 -LEADER
fixed length control field 00378 a2200145 4500
001 - CONTROL NUMBER
control field 34432
082 ## - DEWEY DECIMAL CLASSIFICATION NUMBER
Classification number 629.83, PHI
100 ## - MAIN ENTRY--PERSONAL NAME
Personal name Phillips, C L.
9 (RLIN) 130859
245 ## - TITLE STATEMENT
Title Feedback control systems
Statement of responsibility, etc. Charles L Phillips,
250 ## - EDITION STATEMENT
Edition statement 3rd Edition
260 ## - PUBLICATION, DISTRIBUTION, ETC.
Place of publication, distribution, etc. London
Name of publisher, distributor, etc. Prentice Hall
Date of publication, distribution, etc. 1991
300 ## - PHYSICAL DESCRIPTION
Extent 664 p.
600 ## - SUBJECT ADDED ENTRY--PERSONAL NAME
Personal name Harbor, Royce D.
9 (RLIN) 130860
942 ## - ADDED ENTRY ELEMENTS (KOHA)
Call number prefix 629.83, PHI
Source of classification or shelving scheme
Koha item type Book
Holdings
Withdrawn status Lost status Source of classification or shelving scheme Damaged status Not for loan Permanent Location Current Location Shelving location Date acquired Total Checkouts Full call number Barcode Date last seen Price effective from Koha item type Public note
          Military College of Signals (MCS) Military College of Signals (MCS) General Stacks 10/03/2025   629.83, PHI MCS5054 10/03/2025 10/03/2025 Book Almirah No.87, Shelf No.5
          Military College of Signals (MCS) Military College of Signals (MCS) General Stacks 10/03/2025   629.83, PHI MCS5050 10/03/2025 10/03/2025 Book Almirah No.87, Shelf No.5
          Military College of Signals (MCS) Military College of Signals (MCS) General Stacks 10/03/2025   629.83, PHI MCS5045 10/03/2025 10/03/2025 Book Almirah No.87, Shelf No.5
          Military College of Signals (MCS) Military College of Signals (MCS) General Stacks 10/03/2025   629.83, PHI MCS5053 10/03/2025 10/03/2025 Book Almirah No.87, Shelf No.5
          Military College of Signals (MCS) Military College of Signals (MCS) General Stacks 10/03/2025   629.83, PHI MCS5042 10/03/2025 10/03/2025 Book Almirah No.87, Shelf No.5
© 2023 Central Library, National University of Sciences and Technology. All Rights Reserved.